| 000 | 00595 a2200181 4500 | ||
|---|---|---|---|
| 999 |
_c8089 _d8089 |
||
| 010 | _aENG-88285 | ||
| 020 | _c100.00 | ||
| 035 | _aEN-71818 | ||
| 037 | _bDBAD / PUB | ||
| 082 | 1 | 4 | _a658.4 |
| 100 | _aRangnekar, Santosh | ||
| 245 | 1 |
_aImproving managerial effectiveness/ _cby Santosh Rangnekar [and] Upinder Dhar |
|
| 260 |
_aNew Delhi _bHimalaya Publishing House _c2007 |
||
| 270 |
_a"Pooja Apartments", 4-B, Murari Lal Street, Ansari Road, Darya Ganj, _bNew Delhi _e110 002 |
||
| 300 |
_a110p. _c22cm ( pbk) |
||
| 700 | _aDhar, Upinder | ||
| 942 |
_adpl _cEN _2ddc _h658.4 _mRAN |
||